Synergetická reflexia ekonomických problémov
Filozofia rozvoja ekonomiky. Úvahy o inkorporovaní synergetiky do ekonomiky. Od ekonomickej kybernetiky k ekonomickej synergetike. Synergetika v rovine ekonomiky môže pomôcť riešiť a aj vyriešiť závažné ekonomické problémy globálneho charakteru.
Gespeichert in:
| 1. Verfasser: | |
|---|---|
| Format: | Buchkapitel |
| Sprache: | Slowakisch |
| Schlagworte: | |
| Tags: |
Keine Tags, Fügen Sie das erste Tag hinzu!
|
MARC
| LEADER | 00000naa$a2200000$$$4500 | ||
|---|---|---|---|
| 001 | 0024761 | ||
| 005 | 20221207104937.9 | ||
| 041 | 0 | |a slo | |
| 044 | |a SK | ||
| 245 | 1 | 0 | |a Synergetická reflexia ekonomických problémov |c Miroslav Tuma |
| 520 | |a Filozofia rozvoja ekonomiky. Úvahy o inkorporovaní synergetiky do ekonomiky. Od ekonomickej kybernetiky k ekonomickej synergetike. Synergetika v rovine ekonomiky môže pomôcť riešiť a aj vyriešiť závažné ekonomické problémy globálneho charakteru. | ||
| 610 | 2 | 0 | |a rozvoj hospodársky |
| 610 | 2 | 0 | |a synergetika |
| 610 | 2 | 0 | |a kybernetika ekonomická |
| 610 | 2 | 0 | |a ekonómia |
| 610 | 2 | 0 | |a vývoj |
| 100 | 1 | |a Tuma, Miroslav | |